| 000 | 00416nam a2200169Ia 4500 | ||
|---|---|---|---|
| 008 | 230711s9999||||xx |||||||||||||| ||und|| | ||
| 020 | _a978-81-7035-548-9 | ||
| 041 | _aENG | ||
| 082 |
_a595.709 _bKU-E |
||
| 100 | _aKumar, Anil | ||
| 245 | 0 | _aEcobiology of Aquatic Insects | |
| 260 |
_c2008 _aDelhi _bDaya Publishing House |
||
| 300 | _a247p. | ||
| 650 | _aAgriculture | ||
| 700 | _aKaur, Harbhajan | ||
| 942 | _cBK | ||
| 999 |
_c7547 _d7547 |
||